| 000 | 01542naa a22004097a 4500 | ||
|---|---|---|---|
| 001 | BR7310865 | ||
| 003 | BR-BrBNA | ||
| 005 | 20240918173527.0 | ||
| 007 | ta | ||
| 008 | 230509b bl.||||| |||| 00| 0 por d | ||
| 040 |
_aBR-BrBNA _bpor _cBiblioteca Nacional de Agricultura |
||
| 041 | _a(Pt) | ||
| 072 |
_aF00; H00; H20 _b1440 _b3877 _bG514 |
||
| 090 | _aF00 BR7310865 | ||
| 100 | 1 | _aSantos, J.H.R. | |
| 100 | 1 | _aAlves, J.F. | |
| 100 | 1 | _aBenevides, E.C. | |
| 245 | 1 | _aFitossanidade do feijoeiro, Vigna sinensis (L.)Savi. 1. efeitos do Etoato etilico e do parathion etilico sobre a produtividade da variedade Pitiuba [Ceara, Brasil] | |
| 260 | 3 |
_aFortaleza, CE (Brasil): _c1973. |
|
| 500 | _aConvenio SUDENE/UFC/SUDEC e UFC/BNDE-FUNDEPRO - 64 para melhoramento e experimentacao com culturas alimentares. Relatorio de Pesquisa 1973 Fortaleza, CE (Brasil): 1973. p. 47-53 (BR7310865-AM)F00 | ||
| 650 | _aFEIJAO DE CORDA | ||
| 650 | _aINSETICIDA | ||
| 650 | _aEFEITO RESIDUAL | ||
| 650 | _aPLANTIO | ||
| 650 | _aESPACAMENTO | ||
| 650 | _aCOLHEITA | ||
| 650 | _aDOENCA DE PLANTA | ||
| 650 | _aPRAGA DE PLANTA | ||
| 650 | _aRAIZ | ||
| 650 | _aPRODUTIVIDADE | ||
| 650 | _aMELHORAMENTO VEGETAL | ||
| 650 | _aPENTECOSTE | ||
| 650 | _aCEARA | ||
| 773 | 0 |
_tConvenio SUDENE/UFC/SUDEC e UFC/BNDE-FUNDEPRO - 64 para melhoramento e experimentacao com culturas alimentares. Relatorio de Pesquisa 1973 _wF00 BR7310865 _gFortaleza, CE (Brasil), 1973. p. 47-53 |
|
| 909 |
_a202404 _bLucia _c55 _dLucia Elande |
||
| 942 |
_cAM _2AGRIS |
||
| 999 |
_c305181 _d305181 |
||